Chicken soup teenage soul II : 101 MNC stories of life, love and learning

Bibliographic Details
Main Author: Canfield, Jack
Other Authors: Hansen, Mark Victor
Format: Book
Published: Florida : Health communication , 1998
Subjects:

MARC

LEADER 00000cam a2200000 7i4500
001 0000012051
005 20050617.0
020 |a 1558746161 
040 |a INS 
090 0 0 |a BJ1661.   |b C28 
100 1 |a Canfield, Jack 
245 1 0 |a Chicken soup teenage soul II :   |b 101 MNC stories of life, love and learning   |c Jack Canfield 
260 |a Florida :   |b Health communication ,   |c 1998 
300 |a xip :   |b 351p ;   |c 22cm. 
650 0 0 |a Teenagers   |x Conduct of life 
700 0 |a Hansen, Mark Victor 
700 0
999 |a 0000012569   |b BOOK   |c Open Shelf   |e Default branch